000 01176nam a22002657a 4500
003 PE SENCICO BE
005 20251020182638.0
008 230622b |||||||| |||| 00| 0 eng d
040 _aPE SENCICO BE
_cPE SENCICO BE
041 _aspa
084 _aI
_aTOP
_a2018
_bC34
100 1 _91181
_aCaycho Ruiz, Yeferson Manuel
_eautor
245 1 _aLevantamiento y controles topográfico para el mapeo y explotación minera mediante túneles, socavones y a cielo abierto, con equipos GPS y estaciones totales /
_cYeferson Manuel Caycho Ruiz
260 _aLima :
_c2018
300 _a112 h. :
_bil. col., diagrs. ;
_c19 cm.
502 _aMonografía de Titulación.-- Servicio Nacional de Capacitación para la Industria de la Construcción. Escuela Superior Técnica. Carrera Profesional Técnica en Topografía y Geodesía, 2018.
650 1 4 _94
_aTopografía
650 2 4 _9116
_aLevantamiento topográfico
650 2 4 _92
_aGeodesia
650 2 4 _9911
_aGPS
650 2 4 _91173
_aConstrucción de túneles
710 1 _aServicio Nacional de Capacitación para la Industria de la Construcción.
_bEscuela Superior Técnica
_91065
910 _bhfp
_chfp
942 _cMON
_2ddc
999 _c4213
_d4213